00587nam a22001817a 450000500170000001000370001702000260005403500340008003700130011403700210012708200060014810000260015424500830018026000360026327000640029930000230036370000190038620230710122517.0 aENG-103732 B-460876 ENG-137334 a9789380658421c275.00 aEN-87265 B-460876 EN-120866 bDBAD/PUB bVirtuous Pub/Ven aN aBhattacharya, Nabarun aHarbart /cby Nabarun Bhattacharya ; translated from Bengali by Arunava Sinha aChennaibTranquebar Pressc2011 aVenkat Towers, 165, P.H. Road, MaduravoyalbChennaie600095 a147p. c20cm (pbk) aSinha, Arunava